Normal view
MARC view
Entry Personal Name
001 - CONTROL NUMBER
- control field: 9386
003 - CONTROL NUMBER IDENTIFIER
- control field: BD-DhEU
005 - DATE AND TIME OF LATEST TRANSACTION
- control field: 20260306110253.0
008 - FIXED-LENGTH DATA ELEMENTS
- fixed length control field: 260306|| aca||aabn | a|a d
040 ## - CATALOGING SOURCE
- Original cataloging agency: BD-DhEU
- Transcribing agency: BD-DhEU
100 ## - HEADING--PERSONAL NAME
- Personal name: Khan, M.E
670 ## - SOURCE DATA FOUND
- Source citation: Work cat.: (BD-DhEU)5742: Improving quality of care in India's family welfare programme : the challenge ahead /, c1999.